Cincuenta aǫs de polt̕icas financieras para el desarrollo en Mx̌ico (1958-2008) Noemi Levy Orlik, Guadalupe Mǹtey de Anguiano

Detalles Bibliográficos
Autor principal: Levy Orlik, Noemi
Otros Autores: Mǹtey de Anguiano, Guadalupe
Formato: eBook
Lenguaje:español
Publicado: Mx̌ico D.F: Plaza y Valdš Editores, 2010
Materias:
Acceso en línea:Acceso restringido

MARC

LEADER 00000nam a22000007a 4500
005 20130809130831.0
007 cr|||| ||||
008 130809s2010 mx |||||s|||| 00||0 spa d
020 |a 978-607-402-197-4 
035 |a 11441 
040 |a vLex 
090 |c 4466  |d 4466 
100 1 |a Levy Orlik, Noemi  
245 1 0 |a Cincuenta aǫs de polt̕icas financieras para el desarrollo en Mx̌ico (1958-2008)  |h [Recurso electrn̤ico] /  |b Noemi Levy Orlik, Guadalupe Mǹtey de Anguiano  
256 |a Servicio en ln̕ea 
260 |a Mx̌ico D.F:  |b Plaza y Valdš Editores,   |c 2010 
300 |a 1 recurso electrn̤ico 
506 1 |a Contenido solo disponible en los productos indicados  |d vLex Global  |d vLex Global (Academic Edition, excluding Law Schools)  |d vLex Global (U.S. Academic Edition, Law Schools)  |d vLex Global (U.S. Academic Edition, excluding Law Schools)  |d vLex Global (Academic Edition, Law Schools) 
650 0 4 |a Banca y finanzas  |z Mx̌ico 
650 0 4 |a Derecho pb︢lico y administrativo  |z Mx̌ico 
700 2 |a Mǹtey de Anguiano, Guadalupe  
740 1 |a vLex Libros (Servicio en ln̕ea) 
856 4 0 |u http://vlex.com/source/cincuenta-a-os-politicas-financieras-desarrollo-mexico-1958-2008-11441  |z Acceso restringido 
942 |c BOOK 
999 0 |a Finance